000 00483 a2200193 4500
005 20260112150917.0
008 260112b |||||||| |||| 00| 0 eng d
020 _a9789358775730
_cRs.1000.00
040 _aMAIN
082 _a796.07617027
_bG741S
100 _a Goun, Jai Bhagwan Singh
110 _a`
245 _aSports biomechanics
260 _bKhel Sahitya Kendra
_c2026
_aNew Delhi
300 _a224
650 _aPhysical Education
650 _aSports
942 _cBK
999 _c393715
_d393715